| 000 | 00378nam a2200145Ia 4500 | ||
|---|---|---|---|
| 008 | 150201s2006 xx 000 0 und d | ||
| 082 |
_a616.01 _bM2006G |
||
| 100 | _aGUPTE,SATISH | ||
| 245 | _aTHE SHORT TEXT BOOK OF MEDICAL MICROBIOLOGY | ||
| 250 | _a9TH | ||
| 260 |
_bJAYPEE MEDICAL PUBLISHER _aDELHI _c2006 |
||
| 300 | _a1-509 | ||
| 650 | _aMICROBIOLOGY | ||
| 942 |
_2ddc _cBK _02 |
||
| 999 |
_c3652 _d3652 |
||